Quizzes
Events
Quiz Creation
Community
Videos
Private Events
Remove Ads
Sign In
Join for FREE
Feedback
Dark Mode
Quiz Categories
Sports
Geography
Music
Movies
Television
Just For Fun
Miscellaneous
History
Literature
Language
Science
Gaming
Entertainment
Religion
Holiday
For Kids
Quiz Lab
Recent
Popular Today
Quiz Kudos Today
Editor Picks
Curator Picks
Quizzes by...
Day
Popularity
Type
Ratings
Length
Year
Community
Subscriptions
Recent Discussions
Orange Saloon
Badges
Playlists
Quests
Create
Leaderboards
Showdown
Live 5
Trivia Bingo
Activity
Puzzle Library
Sporcle Events
Private Events
Virtual Trivia
Globe League
Become a Host
Pub Owners
SporcleCon
Opinionation
Our Games
Videos
Blog
Mobile Apps
Partnerships
Remove Ads and Go Orange
Feedback
Gaming
Video Games
Board Games
Card Games
Pokémon
Mario
Nintendo
Minecraft
Console
Toys
Legend of Zelda
Gaming
Video Games
Board Games
Card Games
Pokémon
Mario
Nintendo
Minecraft
Console
Toys
Legend of Zelda
Random Quiz
Search Sporcle
×
Quiz Lab
Quiz Lab
Gaming
Eve
Type in answers that appear in a list
Type in answers that appear in a list
Classic
Best Score? Go Orange.
Gallente ships of eve online Stats
Can you name the Gallente ships of eve online?
By
solarisfire
7m
52 Questions
82 Plays
82 Plays
82 Plays
Comments
Comments
Give Quiz Kudos
Give Quiz Kudos
-
- Ratings
hide this ad
Replay
Link that replays current quiz
Next Quiz
Link to next quiz in quiz playlist
You Got
0%
They Got
Avg Score
60%
Avg Friend Score
Upgrade to see
Score Distribution
Jump to the score distribution portion of the page
Score
0/52
Timer
07:00
0
Plays Today
Ship Type
Answer
% Correct
Battleship
Dominix
90.2%
Battleship
Megathron
87.8%
Battlecruiser
Brutix
85.4%
Destroyer
Catalyst
82.9%
Rookie Ship
Velator
81.7%
Battleship
Hyperion
81.7%
Titan
Erebus
81.7%
Industrial
Iteron
80.5%
Cruiser
Vexor
78%
Supercarrier
Nyx
78%
Cruiser
Thorax
76.8%
Battlecruiser
Myrmidon
75.6%
Carrier
Thanatos
74.4%
Frigate
Tristan
73.2%
Dreadnought
Moros
69.5%
Frigate
Atron
67.1%
Frigate
Incursus
64.6%
Strategic Cruiser
Proteus
63.4%
Frigate
Imicus
59.8%
Marauder
Kronos
59.8%
Freighter
Obelisk
59.8%
Frigate
Navitas
58.5%
Assault Ship
Enyo
58.5%
Assault Ship
Ishkur
58.5%
Covert Ops
Nemesis
58.5%
Interceptor
Ares
58.5%
Ship Type
Answer
% Correct
Heavy Assault Ship
Ishtar
58.5%
Heavy Interdictor
Phobos
58.5%
Black Ops
Sin
58.5%
Industrial
Iteron Mark V
56.1%
Covert Ops
Helios
54.9%
Interceptor
Taranis
54.9%
Force Recon
Arazu
54.9%
Frigate
Maulus
52.4%
Heavy Assault Ship
Deimos
52.4%
Industrial
Iteron Mark II
52.4%
Industrial
Iteron Mark III
52.4%
Industrial
Iteron Mark IV
52.4%
Cruiser
Exequror
51.2%
Faction Cruiser
Vexor Navy Issue
51.2%
Fleet Command Ship
Eos
51.2%
Electronic Attack Ship
Keres
50%
Field Command Ship
Astarte
50%
Cruiser
Celestis
48.8%
Faction Battleship
Megathron Navy Issue
48.8%
Interdictor
Eris
47.6%
Combat Recon
Lachesis
47.6%
Logistics
Oneiros
46.3%
Jump Freighter
Anshar
37.8%
Blockade Runner
Viator
35.4%
Deep Space Transport
Occator
26.8%
Faction Frigate
Gallente Navy Comet
23.2%
Quiz Playlist
Details
Report
Send in Message
Add To Playlist
Classic:
Type in answers that appear in a list
Last Updated: Feb 16, 2017
Quiz Scoreboard
CHALLENGE
Sign Up to Join the Scoreboard
Show All
Scores
Hide
Comments
May contain spoilers
Recently Published
Billboard Blitz: Fleetwood Mac
by CooCooCachoo
Music
15s
Presidents Visiting Landmarks
by Hejman
History
7m
An Introduction to Baseball
by treessimontrees
Sports
5m
More to Explore
Quiz From the Vault
Featured Blog Post
Where Did the Easter Bunny Come From?
hide this ad
You Might Also Like...
Tags
Eve
online
ship
Today's Top Quizzes in Gaming
Browse Gaming
hide this ad
Today's Top Quizzes in Eve
Browse Eve
Top Contributed Quizzes in Gaming
1
5-to-1: Consoles
2
5-to-1: Legend of Zelda
3
7-to-1: Board Game Piece Blitz
4
Destiny 2 exotic weapons by perk icons
5
Ultimate Genshin Impact Logic Puzzle (up to 4.3)
6
Franchise by Action Figure
7
Genshin Impact Logic Puzzle Quiz
8
Who's on the WWE 2K24 Cover?
9
Overwatch Logic Puzzle
10
League of Legends Pro Players by Career/Team History
Explore More
Trending Topics
Harry Potter
Crossword
Marvel
NBA
Disney
Kpop
Anime
WWE
The Office
NFL
Country
Song
Pokémon
Soccer
Puzzle
hide this ad
More By:
solarisfire
Quiz
Plays
Rating
Category
Featured
Created
Gallente ships of eve online
82
4.00
Gaming
May 6, 2010
Amarr ships of eve online
50
Gaming
May 6, 2010
Minmatar ships of eve online
48
Gaming
May 6, 2010
Go to Creator's Profile
Score Distribution
Quiz Creator Spotlight
solarisfire
Follow
Send a Message
Quizzes Created
-
Created Quiz Play Count
-
More By This Creator
Popular Quizzes Today
1
Find the US States - No Outlines Minefield
2
Find the Countries of Europe - No Outlines Minefield
3
The Countries of the World
4
Find the US States
5
Popular People in 1961
6
US States
7
Risky Map Clicking: Biggest States A-Z
8
Movies - When Are They Set?
More Gaming Quizzes
Pokemon: Electric Type Pokemon
Quiz Lab
Trending Quizzes
Risky Map Clicking: Least Populous States A-Z
1-10 Letter G Words
1-10 Letter F Words
Risky Map Clicking: Next State Alphabetically
'A' Boys' Names Grid
Recently Updated
Leaping Animals
pecheneg
Reality TV Shows (A-Z)
bhenderson79
Rickey Henderson's Hall of Fame Teammates
pecheneg
Champions League XIs: Arsenal
pecheneg
Quick Pick: Celebrities in WWE's Hall of Fame
aduchscher
A-Z Keypad Blitz II
pecheneg
Multiple Oscar Actors
pecheneg
Mystery Phrase Blitz: Oscar 'Best Actors'
pecheneg
F. Scott Fitzgerald Novels
LTH
Pick 3 Villains
ddd62291
Trending Topics
Anime
Disney
Marvel
Harry Potter
Crossword
Kpop
NBA
Country
The Office
WWE
Pokémon
Song
Soccer
Puzzle
NFL
Your Account Isn't Verified!
In order to create a playlist on Sporcle, you need to verify the email address you used during registration. Go to your
Sporcle Settings
to finish the process.
Report this User
Report this user for behavior that violates our
Community Guidelines
.
Details:
Send Report
Go to the Sporcle.com Mobile Site →
Comments